UCSC Library OPAC

Rough set methods and applications:new developments in knowledge discovery in information systems :Lecture notes in computer science (Record no. 27748)

MARC details
000 -LEADER
fixed length control field 00548nam a2200193Ia 4500
008 - FIXED-LENGTH DATA ELEMENTS--GENERAL INFORMATION
fixed length control field 240510s9999 xx 000 0 und d
020 ## - INTERNATIONAL STANDARD BOOK NUMBER
International Standard Book Number 0003790813281
041 ## - LANGUAGE CODE
Language code of text/sound track or separate title English
082 ## - DEWEY DECIMAL CLASSIFICATION NUMBER
Classification number 006.331
082 ## - DEWEY DECIMAL CLASSIFICATION NUMBER
Cutter number R58
100 ## - MAIN ENTRY--PERSONAL NAME
Personal name Polkowski, L (et-al)(Eds.)
245 #0 - TITLE STATEMENT
Title Rough set methods and applications:new developments in knowledge discovery in information systems :Lecture notes in computer science
260 ## - PUBLICATION, DISTRIBUTION, ETC.
Name of publisher, distributor, etc. Springer: Tokyo
260 ## - PUBLICATION, DISTRIBUTION, ETC.
Date of publication, distribution, etc. 2000
300 ## - PHYSICAL DESCRIPTION
Extent (Pages) 681 p.
650 ## - SUBJECT ADDED ENTRY--TOPICAL TERM
Topical term or geographic name entry element knowledge discovery :
942 ## - ADDED ENTRY ELEMENTS (KOHA)
Source of classification or shelving scheme Dewey Decimal Classification
942 ## - ADDED ENTRY ELEMENTS (KOHA)
Koha item type Lending Book
945 ## - LOCAL PROCESSING INFORMATION (OCLC)
creator borrowernumber 1
creator name Madushi Gamage
modifier borrowernumber 1
modifier name Madushi Gamage
Holdings
Withdrawn status Lost status Source of classification or shelving scheme Damaged status Not for loan Collection code Home library Current library Shelving location Date acquired Inventory number Total Checkouts Full call number Barcode Date last seen Price effective from Koha item type
    Dewey Decimal Classification     Lending Collection UCSC Library UCSC Library Lending Section 24/07/2002 3972   006.331 R58 A13972 27/06/2024 27/06/2024 Lending Book